|
|
|
|
| LEADER |
03161nam a22004093i 4500 |
| 001 |
EBC7015445 |
| 003 |
MiAaPQ |
| 005 |
20231204023225.0 |
| 006 |
m o d | |
| 007 |
cr cnu|||||||| |
| 008 |
231204s2022 xx o ||||0 eng d |
| 020 |
|
|
|a 9783110711349
|q (electronic bk.)
|
| 035 |
|
|
|a (MiAaPQ)EBC7015445
|
| 035 |
|
|
|a (Au-PeEL)EBL7015445
|
| 035 |
|
|
|a (OCoLC)1308955194
|
| 040 |
|
|
|a MiAaPQ
|b eng
|e rda
|e pn
|c MiAaPQ
|d MiAaPQ
|
| 082 |
0 |
|
|a 658.382
|
| 100 |
1 |
|
|a Altman, Yochanan.
|
| 245 |
1 |
0 |
|a Workplace Spirituality :
|b Making a Difference.
|
| 250 |
|
|
|a 1st ed.
|
| 264 |
|
1 |
|a Berlin/Boston :
|b Walter de Gruyter GmbH,
|c 2022.
|
| 264 |
|
4 |
|c Ã2022.
|
| 300 |
|
|
|a 1 online resource (336 pages)
|
| 336 |
|
|
|a text
|b txt
|2 rdacontent
|
| 337 |
|
|
|a computer
|b c
|2 rdamedia
|
| 338 |
|
|
|a online resource
|b cr
|2 rdacarrier
|
| 490 |
1 |
|
|a Management, Spirituality and Religion Series ;
|v v.1
|
| 505 |
0 |
|
|a Intro -- Acknowledgements -- Foreword -- Contents -- Introduction -- 1 The Past, Present and Future of Workplace Spirituality -- 2 Introduction to Spirituality -- Themes -- 3 Leadership and Spirituality -- 4 Ethics and Spirituality -- 5 Spirituality and Religion: Influencing the Strategic Management Field of Research -- 6 Organizational Change and Work Spirituality: Expanding the Moral Circle -- 7 Organizational Behavior and Workplace Spirituality -- 8 Spirituality at Work and Human Resource Management -- 9 Family Business and Work Spirituality and Religion -- 10 Gender and Diversity: Intersections of Faith, Religion, and Spirituality -- Sectors -- 11 Health and Wellbeing in the Context of Workplace Spirituality -- 12 Workplace Spirituality and Policing -- 13 Workplace Spirituality and Creative Industries -- Key Issues -- 14 (Western) Self-Spirituality: Literature Review, Conceptual Framework and Research Agenda -- 15 Mindfulness and More: Spiritual Forms of Meditation -- 16 Storytelling Nature-spirituality: An Autoethnographic Journey of Rediscovery -- Epistemologies/Methodologies -- 17 Indigenous Studies with an Integrative Research Approach -- 18 Relating Differently: Exploring How a Relational Ontology Might Catalyze Transformative and Emancipatory Action- Oriented MSR Research -- 19 Workplace Spirituality and the Ethnographic Gaze -- 20 Psychodynamics and the Field of Management, Spirituality and Religion: Deciphering the Unconscious, Mapping the Soul -- List of Figures -- List of Tables -- About the Authors -- Index -- MSR Journal.
|
| 588 |
|
|
|a Description based on publisher supplied metadata and other sources.
|
| 590 |
|
|
|a Electronic reproduction. Ann Arbor, Michigan : ProQuest Ebook Central, 2023. Available via World Wide Web. Access may be limited to ProQuest Ebook Central affiliated libraries.
|
| 655 |
|
4 |
|a Electronic books.
|
| 700 |
1 |
|
|a Neal, Judi.
|
| 700 |
1 |
|
|a Mayrhofer, Wolfgang.
|
| 776 |
0 |
8 |
|i Print version:
|a Altman, Yochanan
|t Workplace Spirituality
|d Berlin/Boston : Walter de Gruyter GmbH,c2022
|
| 797 |
2 |
|
|a ProQuest (Firm)
|
| 830 |
|
0 |
|a Management, Spirituality and Religion Series
|
| 856 |
4 |
0 |
|u https://ebookcentral.proquest.com/lib/matrademy/detail.action?docID=7015445
|z Click to View
|